000 00594nam a2200205Ia 4500
008 191130s2010##################000#0#eng##
020 _a9781847065414
022 _a2009050503
040 _aACL
_cACL
082 _a230 CHR
100 _aChryssides, George D
245 _aChristianity today
_cGeorge D. Chryssides
260 _aLondon
_bContinuum
_cc2010
300 _axi, 169 p. : ill. ; 22 cm
500 _aIncludes bibliographical references (p. [157]-161) and index
650 _aChristianity
990 _a8525ab7dac10000c2a2d6b9d96f227f4
991 _a100468
999 _c129085
_d129085